Clinical Drug Therapy : (Record no. 11006)
[ view plain ]
| 000 -LEADER | |
|---|---|
| fixed length control field | 01865cam a22004695a 4500 |
| 001 - CONTROL NUMBER | |
| control field | 15377318 |
| 005 - DATE AND TIME OF LATEST TRANSACTION | |
| control field | 20150816114754.0 |
| 006 - FIXED-LENGTH DATA ELEMENTS--ADDITIONAL MATERIAL CHARACTERISTICS--GENERAL INFORMATION | |
| fixed length control field | a||||fr|||| 00| 0 |
| 008 - FIXED-LENGTH DATA ELEMENTS--GENERAL INFORMATION | |
| fixed length control field | 080721s2009 paua frb 001 0 eng d |
| 010 ## - LIBRARY OF CONGRESS CONTROL NUMBER | |
| LC control number | 2008032208 |
| 016 7# - NATIONAL BIBLIOGRAPHIC AGENCY CONTROL NUMBER | |
| Record control number | 101479427 |
| Source | DNLM |
| 020 ## - INTERNATIONAL STANDARD BOOK NUMBER | |
| International Standard Book Number | 9780781777698 |
| 020 ## - INTERNATIONAL STANDARD BOOK NUMBER | |
| International Standard Book Number | 0781777690 |
| 035 ## - SYSTEM CONTROL NUMBER | |
| System control number | (OCoLC)213451287 |
| 040 ## - CATALOGING SOURCE | |
| Original cataloging agency | DNLM/DLC |
| Language of cataloging | eng |
| Transcribing agency | DLC |
| Modifying agency | NLM |
| -- | BTCTA |
| -- | BAKER |
| -- | YDXCP |
| -- | C#P |
| -- | CDX |
| -- | DLC |
| -- | EG-ScBUE |
| 042 ## - AUTHENTICATION CODE | |
| Authentication code | pcc |
| 050 00 - LIBRARY OF CONGRESS CALL NUMBER | |
| Classification number | RM262 |
| Item number | .A27 2009 |
| 060 10 - NATIONAL LIBRARY OF MEDICINE CALL NUMBER | |
| Classification number | QV 55 |
| Item number | A161c 2009 |
| 082 00 - DEWEY DECIMAL CLASSIFICATION NUMBER | |
| Classification number | 615.58 |
| Item number | CLI |
| Edition number | 22 |
| 245 00 - TITLE STATEMENT | |
| Title | Clinical Drug Therapy : |
| Remainder of title | Rationales for Nursing Practice / |
| Statement of responsibility, etc | Anne Collins Abrams, Carol Barnett Lammon, Sandra Smith Pennington ; consultant, Tracey L. Goldsmith. |
| 250 ## - EDITION STATEMENT | |
| Edition statement | 9th ed. |
| 260 ## - PUBLICATION, DISTRIBUTION, ETC. (IMPRINT) | |
| Place of publication, distribution, etc | Philadelphia : |
| Name of publisher, distributor, etc | Lippincott Williams & Wilkins, 2009 |
| Date of publication, distribution, etc | c.2009. |
| 300 ## - PHYSICAL DESCRIPTION | |
| Extent | xxii, 1146 p. : |
| Other physical details | col. ill. ; |
| Dimensions | 28 cm. + |
| Accompanying material | 1 DVD (4 3/4 in.) |
| 500 ## - GENERAL NOTE | |
| General note | Index: p.1089-1146. |
| 500 ## - GENERAL NOTE | |
| General note | Glossary: p.1068-1078. |
| 504 ## - BIBLIOGRAPHY, ETC. NOTE | |
| Bibliography, etc | Includes bibliographical references. |
| 590 ## - LOCAL NOTE (RLIN) | |
| Local note | Mohamed Hussein |
| 650 #0 - SUBJECT ADDED ENTRY--TOPICAL TERM | |
| Topical term or geographic name as entry element | Chemotherapy. |
| 9 (RLIN) | 12525 |
| Source of heading or term | BUEsh |
| 650 #0 - SUBJECT ADDED ENTRY--TOPICAL TERM | |
| Topical term or geographic name as entry element | Drugs. |
| 9 (RLIN) | 12526 |
| Source of heading or term | BUEsh |
| 650 #0 - SUBJECT ADDED ENTRY--TOPICAL TERM | |
| Topical term or geographic name as entry element | Nursing. |
| 9 (RLIN) | 12527 |
| Source of heading or term | BUEsh |
| 650 12 - SUBJECT ADDED ENTRY--TOPICAL TERM | |
| Topical term or geographic name as entry element | Pharmaceutical Preparations |
| Form subdivision | Nurses' Instruction. |
| 9 (RLIN) | 12528 |
| Source of heading or term | BUEsh |
| 650 22 - SUBJECT ADDED ENTRY--TOPICAL TERM | |
| Topical term or geographic name as entry element | Drug Therapy |
| Form subdivision | Nurses' Instruction. |
| 9 (RLIN) | 12529 |
| Source of heading or term | BUEsh |
| 651 ## - SUBJECT ADDED ENTRY--GEOGRAPHIC NAME | |
| Source of heading or term | BUEsh |
| 653 ## - INDEX TERM--UNCONTROLLED | |
| Resource For college | Nursing |
| -- | Pharmacy |
| Arrived date list | August2015 |
| 700 1# - ADDED ENTRY--PERSONAL NAME | |
| Personal name | Lammon, Carol Barnett. |
| 9 (RLIN) | 12530 |
| 700 1# - ADDED ENTRY--PERSONAL NAME | |
| Personal name | Abrams, Anne Collins. |
| 9 (RLIN) | 12524 |
| 700 1# - ADDED ENTRY--PERSONAL NAME | |
| Personal name | Pennington, Sandra Smith. |
| 9 (RLIN) | 12531 |
| 856 42 - ELECTRONIC LOCATION AND ACCESS | |
| Materials specified | Publisher description |
| Uniform Resource Identifier | <a href="http://www.loc.gov/catdir/enhancements/fy0905/2008032208-d.html">http://www.loc.gov/catdir/enhancements/fy0905/2008032208-d.html</a> |
| 856 41 - ELECTRONIC LOCATION AND ACCESS | |
| Materials specified | Table of contents only |
| Uniform Resource Identifier | <a href="http://www.loc.gov/catdir/enhancements/fy0905/2008032208-t.html">http://www.loc.gov/catdir/enhancements/fy0905/2008032208-t.html</a> |
| 942 ## - ADDED ENTRY ELEMENTS (KOHA) | |
| Source of classification or shelving scheme | Dewey Decimal Classification |
| Item type | Book - Borrowing |
| Withdrawn status | Item status | Source of classification or shelving scheme | Damaged status | Not for loan | Vendor | Home library | Current library | Shelving location | Date acquired | Source of acquisition | Cost, normal purchase price | Serial Enumeration / chronology | Total Checkouts | Total Renewals | Full call number | Barcode | Date last seen | Date last borrowed | Koha item type | Materials specified (bound volume or other part) |
|---|---|---|---|---|---|---|---|---|---|---|---|---|---|---|---|---|---|---|---|---|
| Dewey Decimal Classification | Alahram | Central Library | Central Library | First floor | 04/03/2009 | 378.00 | 379 | 13 | 13 | 615.58 CLI | 000015372 | 15/07/2025 | 19/03/2015 | Book - Borrowing | ||||||
| Lost | Dewey Decimal Classification | Alahram | Central Library | Central Library | First floor | 31/03/2009 | 3 | 615.58 CLI | 000015494 | 15/11/2011 | 03/11/2011 | CD | DVD - With book | Lost In Inventory_2015-8-23 | |||||||
| Dewey Decimal Classification | Academic Bookshop | Central Library | Central Library | First floor | 07/03/2010 | 420.00 | 3698 | 9 | 4 | 615.58 CLI | 000020062 | 15/07/2025 | 28/03/2015 | Book - Borrowing | ||||||
| Dewey Decimal Classification | Academic Bookshop | Central Library | Central Library | First floor | 07/03/2010 | 3 | 615.58 CLI | 000022305 | 24/08/2022 | 03/11/2011 | CD | DVD - With book | |||||||||
| Dewey Decimal Classification | Academic Bookshop | Central Library | Central Library | First floor | 14/03/2010 | 465.00 | 572 | 10 | 35 | 615.58 CLI | 000020174 | 15/07/2025 | 18/11/2015 | Book - Borrowing | ||||||
| Dewey Decimal Classification | Academic Bookshop | Central Library | Central Library | First floor | 14/03/2010 | 3 | 615.58 CLI | 000020175 | 24/08/2022 | 03/04/2012 | CD | DVD - With book |